000 00781nam a2200253Ia 4500
003 OSt
005 20220927105716.0
006 a|||||r|||| 00| 0
007 ta
008 220926b |||||||| |||| 00| 0 eng d
024 _a200889
037 _cReference Collections
040 _aRTL
_cRTL
_beng
041 _2eng
_aeng
082 _a"a49t,12N73-N47, L5.3/RR"
100 _aVirendra Kumar
_9374289
245 0 _aCommittees and commission in India
260 _aDelhi
_bConcept Publishing Company
_c1977
300 _a519p.
_ccm.
490 _aSociological Review Monographs
650 _aCommittee and Commission
_9374290
942 _h"a49t,12N73-N47, L5.3/RR"
_cCC
999 _c693994
_d693994